Samvedabhashyam (Record no. 11650)

000 -LEADER
fixed length control field 00423nam a22001577a 4500
008 - FIXED-LENGTH DATA ELEMENTS--GENERAL INFORMATION
fixed length control field 200724b 2003 ||||| |||| 00| 0 eng d
082 ## - DEWEY DECIMAL CLASSIFICATION NUMBER
Classification number 294.59212
Item number SAM
245 ## - TITLE STATEMENT
Title Samvedabhashyam
260 ## - PUBLICATION, DISTRIBUTION, ETC. (IMPRINT)
Place of publication, distribution, etc New Delhi
Name of publisher, distributor, etc Manav Utthan Sankalpa Sansthan
Date of publication, distribution, etc 2003
300 ## - PHYSICAL DESCRIPTION
Extent 448 p.
650 ## - SUBJECT ADDED ENTRY--TOPICAL TERM
Topical term or geographic name as entry element Hindu Vedas
650 ## - SUBJECT ADDED ENTRY--TOPICAL TERM
Topical term or geographic name as entry element Samved
650 ## - SUBJECT ADDED ENTRY--TOPICAL TERM
Topical term or geographic name as entry element Vedanta
700 ## - ADDED ENTRY--PERSONAL NAME
Personal name Vidyamartand, Swami Bramhamuni Parivrajak
Relator term Speaker
942 ## - ADDED ENTRY ELEMENTS (KOHA)
Item type Books
Holdings
Withdrawn status Lost status Source of classification or shelving scheme Damaged status Not for loan Collection code Permanent location Current location Shelving location Date acquired Full call number Barcode Date last seen Koha item type Public note
          Non-fiction IMU-MPC Library IMU-MPC Library General Stacks 2020-07-24 294.59212 SAM LBSH142 2020-07-24 Books Column - 80
Copyright © 2021 Indian Maritime University, Mumbai Port Campus. All Rights Reserved. Managed & Maintained by Central Library, IMU-Mumbai

webs counters

Powered by Koha